| 000 | 00535nam a2200193 4500 | ||
|---|---|---|---|
| 001 | 19686 | ||
| 005 | 20230410132737.0 | ||
| 008 | 060907n2001 dr spa | ||
| 020 | _a1567655440 | ||
| 035 | _9funglode19837 | ||
| 041 | _aEN | ||
| 050 | 1 | 4 | _aQA 39.2 G549p 2001 |
| 100 | _aGlatzer, David J. | ||
| 245 | 1 |
_aPreparing for the New Jersey HSPA / _cDavid J. Glatzer, Joyce Glatzer |
|
| 260 |
_aNew York : _bAmsco School Publications, _c2001 |
||
| 300 | _axiv, 266 p. | ||
| 700 | _aGlatzer, Joyce | ||
| 942 |
_2lcc _cbk |
||
| 999 |
_c86942 _d86942 |
||